<?xml version="1.0" encoding="UTF-8"?>
<record
    xmlns:xsi="http://www.w3.org/2001/XMLSchema-instance"
    xsi:schemaLocation="http://www.loc.gov/MARC21/slim http://www.loc.gov/standards/marcxml/schema/MARC21slim.xsd"
    xmlns="http://www.loc.gov/MARC21/slim">

  <leader>02052nam a22002657a 4500</leader>
  <controlfield tag="003">OSt</controlfield>
  <controlfield tag="005">20241007155929.0</controlfield>
  <controlfield tag="008">241007b        |||||||| |||| 00| 0 eng d</controlfield>
  <datafield tag="020" ind1=" " ind2=" ">
    <subfield code="a">9781501374364</subfield>
  </datafield>
  <datafield tag="040" ind1=" " ind2=" ">
    <subfield code="c">tbs</subfield>
  </datafield>
  <datafield tag="041" ind1=" " ind2=" ">
    <subfield code="a">English</subfield>
  </datafield>
  <datafield tag="100" ind1=" " ind2=" ">
    <subfield code="a">Rousso, Chelsea.</subfield>
    <subfield code="9">24225</subfield>
  </datafield>
  <datafield tag="245" ind1=" " ind2=" ">
    <subfield code="a">Fashion forward</subfield>
    <subfield code="b"> : a guide to fashion forecasting</subfield>
    <subfield code="c">/ Chelsea Rousso, Nancy Ostroff</subfield>
  </datafield>
  <datafield tag="250" ind1=" " ind2=" ">
    <subfield code="a">Third edition</subfield>
  </datafield>
  <datafield tag="260" ind1=" " ind2=" ">
    <subfield code="a">New York</subfield>
    <subfield code="b">Fairchild Books, an imprint of Bloomsbury Publishing Inc.</subfield>
    <subfield code="c">2024</subfield>
  </datafield>
  <datafield tag="300" ind1=" " ind2=" ">
    <subfield code="a">216 pages</subfield>
  </datafield>
  <datafield tag="505" ind1=" " ind2=" ">
    <subfield code="a">PART I THE PRINCIPLES OF FASHION FORECASTING 

&#x2014;

Introduction To Fashion Forecasting

&#x2014;

Brief History Of Contemporary Fashion

&#x2014;

Fashion Movement

&#x2014;

Social And Cultural Influences

&#x2014;

Market And Sales Research For Forecasting

&#x2014;

PART II DEVELOPING AND PRESENTING A FASHION FORECAST

&#x2014;

Color

&#x2014;

Textiles, Trims, Findings, And Materials

&#x2014;

The Look

&#x2014;

Creating And Presenting A Forecast

&#x2014;

Glossary

&#x2014;

Bibliography

&#x2014;

Art Credits

&#x2014;

Index.</subfield>
  </datafield>
  <datafield tag="505" ind1=" " ind2=" ">
    <subfield code="a">Instructor Resources: Instructor's Guide provides suggestions for planning the course and using the text in the classroom, supplemental assignments, and lecture notes  &#x2014;  PowerPoint&#xAE; presentations include images from the book and provide a framework for lecture and discussion</subfield>
  </datafield>
  <datafield tag="520" ind1=" " ind2=" ">
    <subfield code="a">Unlock the Secrets of Tomorrow's Style Today!
In the ever-evolving world of fashion, staying ahead of the curve is essential. Fashion Forward: A Guide to Fashion Forecasting returns in its highly anticipated third edition to guide you through the dynamic realm of fashion prediction. Whether you're a budding fashion enthusiast, a trend-conscious designer, or a seasoned industry professional, this book is your compass to navigate the exciting and unpredictable landscape of fashion.
</subfield>
  </datafield>
  <datafield tag="650" ind1=" " ind2="0">
    <subfield code="a">Fashion design</subfield>
    <subfield code="9">9703</subfield>
  </datafield>
  <datafield tag="650" ind1=" " ind2="0">
    <subfield code="a">Fashion</subfield>
    <subfield code="x">Forecasting</subfield>
    <subfield code="9">10522</subfield>
  </datafield>
  <datafield tag="650" ind1=" " ind2="0">
    <subfield code="a">Fashion</subfield>
    <subfield code="x">beauty industries</subfield>
    <subfield code="9">24227</subfield>
  </datafield>
  <datafield tag="700" ind1=" " ind2=" ">
    <subfield code="a">Ostroff, Nancy.</subfield>
    <subfield code="9">24226</subfield>
  </datafield>
  <datafield tag="942" ind1=" " ind2=" ">
    <subfield code="2">lcc</subfield>
  </datafield>
  <datafield tag="952" ind1=" " ind2=" ">
    <subfield code="0">0</subfield>
    <subfield code="1">0</subfield>
    <subfield code="2">lcc</subfield>
    <subfield code="4">0</subfield>
    <subfield code="7">0</subfield>
    <subfield code="a">TBS</subfield>
    <subfield code="b">TBS</subfield>
    <subfield code="d">2024-10-07</subfield>
    <subfield code="l">0</subfield>
    <subfield code="o">TT497 ROU</subfield>
    <subfield code="p">B02938</subfield>
    <subfield code="r">2024-10-07</subfield>
    <subfield code="t">1</subfield>
    <subfield code="w">2024-10-07</subfield>
    <subfield code="y">1</subfield>
  </datafield>
  <datafield tag="999" ind1=" " ind2=" ">
    <subfield code="c">4344</subfield>
    <subfield code="d">4344</subfield>
  </datafield>
</record>
